| 000 | 01028ckm a22002655a 4500 | ||
|---|---|---|---|
| 001 | E143967 | ||
| 002 | 17465 | ||
| 008 | 080610s2008 xxk f 000 0 eng d | ||
| 035 | _a(Sirsi) u143967 | ||
| 041 | 0 | _aeng | |
| 050 | 0 | 4 | _a333.0062 $2 18 |
| 100 | 1 | _aLever, Jon | |
| 245 | 0 | 0 |
_aRICS Rules of conduct _h[videorecording] |
| 260 |
_aBedford _bDeLever _c2008 |
||
| 300 |
_a1 DVD (ca. 45 min.) + _e 1 CD-ROM |
||
| 350 | _a49 | ||
| 505 | 2 | _aWhy we have Rules of Conduct -- Rules for members -- Rules for firms -- Help sheets -- Policy documents -- APC Final Assessment | |
| 520 | _aThis DVD is for reference only within the Library and cannot be borrowed. | ||
| 520 | _aOffers guidance on the RICS Rules of Conduct, with an insight as to how knowledge of the Rules of Conduct may be tested during the APC Final Assessment. | ||
| 520 | _aFor Reference use only | ||
| 590 | _aKA | ||
| 651 | 4 |
_aUnited Kingdom _y |
|
| 690 | _aABOUT RICS-RICS PROFESSIONAL REGULATION AND CONSUMER PROTECTION-RULES OF CONDUCT | ||
| 942 | _n0 | ||
| 999 |
_c85458 _d85458 |
||